| 000 | 00829nam a22002417a 4500 | ||
|---|---|---|---|
| 005 | 20170124110205.0 | ||
| 010 | _aA-939156 | ||
| 020 |
_c150.00 _a8120313291 |
||
| 035 | _aA-939156 | ||
| 037 | _bCen Lib/Ret | ||
| 040 |
_aDPL _bEN |
||
| 082 |
_a005.3 _bGOL |
||
| 100 |
_aGold, LauraMaery _937044 |
||
| 245 |
_aThe complete idiot's guide to Microsoft Excel 97 / _cby LauraMaery Gold [and] Dan Post |
||
| 260 |
_aNew Delhi _bPrentice Hall of India _c1996 |
||
| 270 |
_bNew Delhi _aM-97, Connaught Circus _e110001 |
||
| 300 |
_axxi,346p. : _c23cm(Hb) _bill. |
||
| 500 | _aIncludes index | ||
| 650 |
_aMicrosoft Excel (Computer file) _923261 |
||
| 650 |
_aBusiness -- Computer programs _923262 |
||
| 700 |
_aPost, Dan _937045 |
||
| 942 |
_2ddc _cEN _h005.3 _mGOL |
||
| 999 |
_c133168 _d133168 |
||